Shameless U.S Trivia - Statistics

General Stats
  • This quiz has been taken 1,280 times
  • The average score is 11 of 15
Answer Stats
Hint Answer % Correct
What is the name of the oldest Gallagher kid? Fiona
99%
What is the name of the youngest Gallagher kid? Liam
98%
What is the Name of Fiona's best Friend? Veronica
95%
What is the dead beat drunk dad's name? Francis
92%
Who did Ian Marry? Mickey
92%
What season did Fiona leave the show? 9
87%
What is the name of the absent mom? Monica
87%
What season did Ian and Mickey get married? 10
85%
What is Deb's daughters name? Franny
83%
What is the name of the bar Kev and V own? The Alibi
75%
What is Carl's final career? Police Officer
71%
What is Lip's sons name? Freddie
47%
What is Lip's Girlfriends name? Tami
47%
What are the names of Kev and V's twin daughters? Amy, Jemma
33%
What are the names of the two bar regulars? Tommy, Kermit
15%
No matching quizzes found
Score Distribution
Percent of People with Each Score
Percentile by Number Answered
Your Score History
You have not taken this quiz